000
00318nam a2200121Ia 4500
008
220214s9999 xx 000 0 und d
100
_a
Fernando DM
245
4
_a
The Increased use of SALB resistant material in Eastern rubber planting
260
_b
Not available
300
_a
7p
700
_a
Peries OS
942
_c
RE
999
_c
46363
_d
46363